<?xml version="1.0" encoding="UTF-8"?>
<record
    xmlns:xsi="http://www.w3.org/2001/XMLSchema-instance"
    xsi:schemaLocation="http://www.loc.gov/MARC21/slim http://www.loc.gov/standards/marcxml/schema/MARC21slim.xsd"
    xmlns="http://www.loc.gov/MARC21/slim">

  <leader>02094cam a2200313 a 4500</leader>
  <controlfield tag="001">2925650</controlfield>
  <controlfield tag="005">20210414114154.0</controlfield>
  <controlfield tag="008">890803s1990    maua     b    001 0 eng  </controlfield>
  <datafield tag="010" ind1=" " ind2=" ">
    <subfield code="a">   89013027 </subfield>
  </datafield>
  <datafield tag="020" ind1=" " ind2=" ">
    <subfield code="a">0262031418</subfield>
  </datafield>
  <datafield tag="020" ind1=" " ind2=" ">
    <subfield code="a">0070131430 (McGrawHill)</subfield>
  </datafield>
  <datafield tag="040" ind1=" " ind2=" ">
    <subfield code="a">DLC</subfield>
    <subfield code="c">DLC</subfield>
    <subfield code="d">DLC</subfield>
  </datafield>
  <datafield tag="050" ind1="0" ind2="0">
    <subfield code="a">QA76.6.C662</subfield>
  </datafield>
  <datafield tag="082" ind1="0" ind2="0">
    <subfield code="a">005.1</subfield>
    <subfield code="2">20</subfield>
  </datafield>
  <datafield tag="100" ind1="1" ind2=" ">
    <subfield code="a">Cormen, Thomas H.</subfield>
  </datafield>
  <datafield tag="245" ind1="1" ind2="0">
    <subfield code="a">Introduction to algorithms. /</subfield>
    <subfield code="c">Thomas H. Cormen, Charles E. Leiserson, Ronald L. Rivest.</subfield>
  </datafield>
  <datafield tag="260" ind1=" " ind2=" ">
    <subfield code="a">Cambridge, Mass. :</subfield>
    <subfield code="b">MIT Press ;</subfield>
    <subfield code="a">New York :</subfield>
    <subfield code="b">McGraw-Hill,</subfield>
    <subfield code="c">c1990.</subfield>
  </datafield>
  <datafield tag="300" ind1=" " ind2=" ">
    <subfield code="a">xvii, 1028 p. :</subfield>
    <subfield code="b">ill. ;</subfield>
    <subfield code="c">26 cm.</subfield>
  </datafield>
  <datafield tag="440" ind1=" " ind2="4">
    <subfield code="a">The MIT electrical engineering and computer science series</subfield>
  </datafield>
  <datafield tag="504" ind1=" " ind2=" ">
    <subfield code="a">Includes bibliographcal references (p. [987]-996) and index.</subfield>
  </datafield>
  <datafield tag="505" ind1=" " ind2=" ">
    <subfield code="a">Contents: Introduction -- Mathematical foundations: Introduction: Growth of functions -- Summations -- Recurrences -- Sets, etc -- Counting and probability -- Sorting and order statistics: Introduction: Heapsort -- Quicksort -- Sorting in linear time -- Medians and order statistics -- Data structures: Introduction: Elementary data structures -- Hash tables -- Binary search trees -- Red-black trees -- Augmenting data structures -- Advanced design and analysis techniques: Introduction:Dynamic programming -- Greedy algorithm -- Amortized analysis -- Adavnced data structures: Introduction: B-trees -- Binomial heaps -- Fibonacci heaps -- Data structures for disjoints sets -- Graph algorithm: Introduction: Elementary graph algorithm -- Minimum spannin trees -- Single-source shortest paths -- Maximum flow -- Selected topics: Introduction: Sorting networks -- Arithmetic circuits -- Algorithms for parallel computers -- Matrix operations -- Polynomials and the EFT -- String matching -- Computational geometry -- NP-completeness -- Approximation algorithms.</subfield>
  </datafield>
  <datafield tag="650" ind1=" " ind2="0">
    <subfield code="a">Computer programming.</subfield>
  </datafield>
  <datafield tag="650" ind1=" " ind2="0">
    <subfield code="a">Computer algorithms.</subfield>
  </datafield>
  <datafield tag="700" ind1="1" ind2=" ">
    <subfield code="a">Leiserson, Charles Eric.</subfield>
  </datafield>
  <datafield tag="700" ind1="1" ind2=" ">
    <subfield code="a">Rivest, Ronald L.</subfield>
  </datafield>
  <datafield tag="740" ind1="0" ind2=" ">
    <subfield code="a">Algorithms.</subfield>
  </datafield>
  <datafield tag="906" ind1=" " ind2=" ">
    <subfield code="a">7</subfield>
    <subfield code="b">cbc</subfield>
    <subfield code="c">orignew</subfield>
    <subfield code="d">1</subfield>
    <subfield code="e">ocip</subfield>
    <subfield code="f">19</subfield>
    <subfield code="g">y-gencatlg</subfield>
  </datafield>
  <datafield tag="942" ind1=" " ind2=" ">
    <subfield code="2">lcc</subfield>
    <subfield code="c">BK</subfield>
  </datafield>
  <datafield tag="999" ind1=" " ind2=" ">
    <subfield code="c">2555</subfield>
    <subfield code="d">10055</subfield>
  </datafield>
  <datafield tag="952" ind1=" " ind2=" ">
    <subfield code="0">0</subfield>
    <subfield code="1">0</subfield>
    <subfield code="2">lcc</subfield>
    <subfield code="4">0</subfield>
    <subfield code="7">0</subfield>
    <subfield code="a">WIUC-1</subfield>
    <subfield code="b">WIUC-1</subfield>
    <subfield code="c">REF</subfield>
    <subfield code="d">2012-11-21</subfield>
    <subfield code="l">0</subfield>
    <subfield code="o">QA76.6.C662</subfield>
    <subfield code="p">6230/12</subfield>
    <subfield code="r">2012-11-21 00:00:00</subfield>
    <subfield code="w">2012-11-21</subfield>
    <subfield code="y">BK</subfield>
  </datafield>
</record>
